[Event "COL-ch U18"]
[Site "Florencia Caqueta"]
[Date "2024.10.06"]
[Round "6"]
[White "Cruz Azcarate, Juan Esteban"]
[Black "Largo Chaparro, Sofia Alejandra"]
[Result "1-0"]
[WhiteElo "1675"]
[BlackElo "1846"]
[PlyCount "71"]
[EventDate "2024.10.06"]
[EventType "swiss (blitz)"]
[EventRounds "9"]
[EventCountry "COL"]
[SourceTitle "CB44_2024"]
[Source "Chessbase"]
[SourceDate "2024.10.30"]
[SourceVersion "1"]
[SourceVersionDate "2024.10.30"]
[SourceQuality "1"]

1. c4 Nf6 2. Nf3 g6 3. g3 Bg7 4. Bg2 d6 5. d4 0-0 6. Nc3 Nbd7 7. 0-0 c5 8. e3 Rb8 9. a3 a6 10. b4 b5 11. Rb1 bxc4 12. dxc5 dxc5 13. Qa4 cxb4 14. axb4 Nb6 15. Qc2 Bf5 16. e4 Be6 17. Rd1 Qc7 18. Bf4 Qb7 19. Bxb8 Rxb8 20. Ne5 Nfd7 21. Nxd7 Nxd7 22. Nd5 Ne5 23. Nf4 Bg4 24. Re1 Nf3+ 25. Bxf3 Bxf3 26. Qxc4 Rc8 27. Qd5 Qb6 28. Qd3 Rc3 29. Nd5 Qxf2+ 30. Kxf2 Rxd3 31. Nxe7+ Kf8 32. Nc6 Bc3 33. Re3 Rxe3 34. Kxe3 Bg4 35. Nb8 Bc8 36. Rc1 1-0

[Event "American Continental Rapid 18th"]
[Site "Medellin"]
[Date "2024.06.01"]
[Round "5"]
[White "Cruz Azcarate, Juan Esteban"]
[Black "Cantero Gonzalez, Mauricio Rafael"]
[Result "1/2-1/2"]
[WhiteElo "1630"]
[BlackElo "1531"]
[PlyCount "128"]
[EventDate "2024.06.01"]
[EventType "swiss (rapid)"]
[EventRounds "9"]
[EventCountry "COL"]
[SourceTitle "CBM 220 Extra"]
[Source "ChessBase"]
[SourceDate "2024.07.31"]
[SourceVersion "1"]
[SourceVersionDate "2024.07.31"]
[SourceQuality "1"]

1. b3 f5 2. Bb2 e6 3. e3 Nf6 4. Nf3 b6 5. Be2 Bb7 6. d4 Be7 7. Nbd2 0-0 8. 0-0 d6 9. c4 Qe8 10. Re1 Nbd7 11. Nf1 Ne4 12. Ng3 Nxg3 13. fxg3 Nf6 14. Ng5 Qd7 15. Nf3 Ne4 16. Bd3 c5 17. Bxe4 fxe4 18. Nd2 d5 19. dxc5 Bxc5 20. Nxe4 Rf5 21. Nxc5 bxc5 22. e4 Rf7 23. exd5 exd5 24. cxd5 Bxd5 25. Re5 Rd8 26. Qd2 Qc6 27. Rd1 Rfd7 28. Qe2 Bf7 29. Rxd7 Qxd7 30. Re7 Qd6 31. Qg4 g6 32. Qe2 a6 33. Ba3 Qd4+ 34. Qe3 Qd1+ 35. Qe1 Qd4+ 36. Kh1 Qd1 37. h3 Qd6 38. Kh2 Kf8 39. Qe5 Qxe5 40. Rxe5 Rd5 41. Rxd5 Bxd5 42. Bxc5+ Kf7 43. g4 Kf6 44. Kg3 Ke5 45. Kf2 Ke4 46. Ke2 Bc6 47. a4 Bd5 48. b4 Bc4+ 49. Kf2 Bb3 50. a5 Bd5 51. g3 Bc6 52. h4 Bd7 53. g5 Bb5 54. Bd6 Bc4 55. g4 Bd5 56. Kg3 Bc4 57. h5 Be2 58. hxg6 hxg6 59. Kf2 Bxg4 60. Ke1 Bd7 61. Kd2 Bb5 62. Kc3 Kf5 63. Be7 Ke4 64. Bd8 Bf1 1/2-1/2